书目信息 |
| 题名: |
外墙外保温技术
|
|
| 作者: | 马保国 编著 | |
| 分册: | ||
| 出版信息: | 北京 化学工业出版社 2008.01 |
|
| 页数: | 207页 | |
| 开本: | 26m | |
| 丛书名: | ||
| 单 册: | ||
| 中图分类: | TU111.4 | |
| 科图分类: | ||
| 主题词: | 建筑物--jian zhu wu--保温--技术 | |
| 电子资源: | ||
| ISBN: | 978-7-122-00992-0 | |
| 000 | 00854nam0 2200241 450 | |
| 001 | 012007035016 | |
| 005 | 20071226141124.14 | |
| 010 | @a978-7-122-00992-0@dCNY29.00 | |
| 100 | @a20071226d2008 km y0chiy0120 ea | |
| 101 | 0 | @achi |
| 102 | @aCN@b110000 | |
| 105 | @aa a 000yy | |
| 106 | @ar | |
| 200 | 1 | @a外墙外保温技术@Awai qiang wai bao wen ji shu@f马保国等编著@Fma bao guo deng bian zhu |
| 210 | @a北京@c化学工业出版社@d2008.01 | |
| 215 | @a207页@c图@d26m | |
| 320 | @a有书目。 | |
| 330 | @a本书总结了近年国内外有关成果,详细地介绍了外墙外保温技术的相关知识,包括外墙外保温的结构设计、所用材料、施工技术与规程、裂缝防治措施以及外墙外保温技术的检验与评价等。 | |
| 606 | 0 | @a建筑物@Ajian zhu wu@x保温@x技术 |
| 690 | @aTU111.4@v4 | |
| 701 | 0 | @a马保国@Ama bao guo@4编著 |
| 801 | 0 | @aCN@bQSSK@c20071226 |
| 905 | @b271866-68@dTU111.4@eM012@f3 | |
| 外墙外保温技术/马保国等编著.-北京:化学工业出版社,2008.01 |
| 207页:图;26m |
| ISBN 978-7-122-00992-0:CNY29.00 |
| 本书总结了近年国内外有关成果,详细地介绍了外墙外保温技术的相关知识,包括外墙外保温的结构设计、所用材料、施工技术与规程、裂缝防治措施以及外墙外保温技术的检验与评价等。 |
| ● |
| 相关链接 |
|
|
|
正题名:外墙外保温技术
索取号:TU111.4/M012
 
预约/预借
| 序号 | 登录号 | 条形码 | 馆藏地/架位号 | 状态 | 备注 |
| 1 | 271866 | 202718666 | 建筑库101/101建筑库 24排3列3层/ [索取号:TU111.4/M012] | 在馆 | |
| 2 | 271867 | 202718675 | 建筑库101/101建筑库 24排3列3层/ [索取号:TU111.4/M012] | 在馆 | |
| 3 | 271868 | 202718684 | 建筑库101/101建筑库 24排3列3层/ [索取号:TU111.4/M012] | 在馆 |